000 00781nam a2200241 4500
003 OSt
005 20240702060528.0
006 a
008 240702b |||||||| |||| 00| 0 eng d
020 _a9780538471589
040 _aDWCL-Main lib.
_cOC
082 _2Fourth edition
_aCirc. 005.276 L222f 2011
100 _aLambert,Kenneth
245 _aFundamentals of Java: AP computer science essntials /
250 _aFourth edition
260 _aBoston, MA:
_bCourse Technology,Cengage Learning,
_cc2011.
300 _axii,
_b615p. : col.ill. ;
_c28 cm.
490 _3International edition
504 _aInclude appendix, glossary & index
650 _a1. Computer science.
650 _a2. Java(Computer programing language).
942 _2ddc
_n0
_cBK-CIRC
_eFourth edition
_kCirc.
999 _c1796
_d1796